000 01125nam a22003377a 4500
003 CHAP
005 20220329135750.0
008 971013s1995 r 00010 d
010 _a41728
011 _a42700
035 _a46829
040 _cCHAP
090 _aTesis
100 0 0 _aEstévez García, Manuel J.
_938340
245 _aCaracterización del sistema radical de la pitahaya (Hylocereus undatus Haworth)
260 _aChapingo, Méx. :
_bEl autor,
_c1995
300 _a91 h.
_b: ilus. ; gráfs.
502 _aTesis (Ing. Agr. Esp. en Fitotecnia) -- UACH. Departamento de Fitotecnia
590 _aALEPH
_b10
_c20130110
_lUCH01
_h1310
590 _aBATCH-UPD
_b10
_c20130110
_lUCH01
_h1608
590 _aBATCH-UPD
_b10
_c20130410
_lUCH01
_h1003
590 _aBATCH-UPD
_b10
_c20130914
_lUCH01
_h0805
590 _aCONVERSION
_b10
_c20130109
_lUCH01
_h1323
650 1 4 _aCactáceas.
_916994
650 1 4 _aHylocereus undatus.
_957088
650 1 4 _aRaíces
_994670
901 _aBK
942 _cFOLL
949 _bBC
_cTES
_d-106682
_eTS1
_h30446
_i46829
_si
949 _bBC
_cTES
_d33724000005674
_eTS2
_fc.2
_h30547
_i46829
_si
999 _c41728
_d41728